000 01188nam a2200217 a 4500
001 001006551
003 AM-YeHGA
005 20250617163442.0
008 140312s1957 ru r 000 0 rus d
040 _aAM-YeHGA
041 0 _arus
245 0 0 _aБольшевистская партийная периодическая печать в период подготовки и проведения Великой Октябрской социалистической революции :
_b(Март-ноябрь 1917 г.). Библиографический указатель /
_cИн-т марксизма-ленинизма при ЦК КПСС.
246 1 4 _aБольшевистская партийная периодическая печать
_b(Март-ноябрь 1917 г.)
260 _aМ. :
_bГосполитиздат,
_c1957.
300 _a70 с. ;
_c20 см.
504 _aВспомог. указ.: с. 57-67
650 1 4 _aОтраслевые библиографии
653 0 _aБольшевистская периодическая печать
710 2 _aИнститут марксизма-ленинизма при ЦК КПСС
090 _c510200
999 _c506776
_d506776